[Event "DVM U20 2017"]
[Site "Düsseldorf GER"]
[Date "2017.12.30"]
[Round "7"]
[White "Linnemann, Niklas"]
[Black "Fieberg, Samuel"]
[Result "0-1"]
[Termination "normal"]
[Board "1.1"]
[WhiteElo "1998"]
[BlackElo "2234"]
[WhiteClock "00:03:14"]
[BlackClock "01:14:44"]
[WhiteTeam "TuS Coswig"]
[BlackTeam "SG Porz"]
[PlyCount "62"]
[WhiteFideId "24695645"]
[BlackFideId "12901717"]
[EventCountry "GER"]
[EventRounds "7"]
[EventType "team-swiss"]
[EventDate "2017.12.26"]

1. e4 {[%clk 1:30:57]} c5 {[%clk 1:30:57]} 2. Nf3 {[%clk 1:31:21]} Nc6 {[%clk
1:31:24]} 3. d4 {[%clk 1:31:44]} cxd4 {[%clk 1:31:51]} 4. Nxd4 {[%clk 1:32:08]}
Nf6 {[%clk 1:32:17]} 5. Nc3 {[%clk 1:32:33]} e5 {[%clk 1:32:45]} 6. Ndb5 {[%clk
1:31:50]} h6 {[%clk 1:33:09]} 7. Nd5 {[%clk 1:19:29]} Nxd5 {[%clk 1:33:33]} 8.
exd5 {[%clk 1:19:39]} a6 {[%clk 1:34:00]} 9. dxc6 {[%clk 1:13:33]} axb5 {[%clk
1:34:25]} 10. cxd7+ {[%clk 1:13:47]} Bxd7 {[%clk 1:34:50]} 11. Qd5 {[%clk
1:07:04]} Qc7 {[%clk 1:34:53]} 12. Bd2 {[%clk 1:06:26]} Bc5 {[%clk 1:34:24]}
13. Bd3 {[%clk 0:52:54]} O-O {[%clk 1:33:53]} 14. O-O {[%clk 0:52:12]} Be6
{[%clk 1:31:49]} 15. Qe4 {[%clk 0:52:11]} f5 {[%clk 1:31:58]} 16. Qe2 {[%clk
0:52:31]} b4 {[%clk 1:29:59]} 17. c3 {[%clk 0:49:21]} bxc3 {[%clk 1:23:30]} 18.
Bxc3 {[%clk 0:49:41]} e4 {[%clk 1:23:29]} 19. Kh1 {[%clk 0:46:08]} Qf7 {[%clk
1:23:46]} 20. Bb5 {[%clk 0:42:25]} Rxa2 {[%clk 1:20:38]} 21. Rxa2 {[%clk
0:40:31]} Bxa2 {[%clk 1:20:49]} 22. b4 {[%clk 0:39:58]} Bb6 {[%clk 1:20:29]}
23. f3 {[%clk 0:25:21]} Rc8 {[%clk 1:17:33]} 24. Ba1 {[%clk 0:17:08]} Bc4
{[%clk 1:15:43]} 25. Qc2 {[%clk 0:13:23]} Rc7 {[%clk 1:15:32]} 26. Be5 {[%clk
0:11:29]} Bxb5 {[%clk 1:12:53]} 27. Bxc7 {[%clk 0:11:48]} Qxc7 {[%clk 1:13:20]}
28. Qa2+ {[%clk 0:08:45]} Qc4 {[%clk 1:13:44]} 29. Qa8+ {[%clk 0:07:50]} Kh7
{[%clk 1:14:05]} 30. Ra1 {[%clk 0:03:49]} exf3 {[%clk 1:14:24]} 31. gxf3 {[%clk
0:03:14]} Bc6 {[%clk 1:14:44]} 0-1

[Event "DVM U20 2017"]
[Site "Düsseldorf GER"]
[Date "2017.12.30"]
[Round "7"]
[White "Bunyatov, Rustam"]
[Black "von Koslowski, Utz"]
[Result "1/2-1/2"]
[Termination "normal"]
[Board "1.2"]
[WhiteTitle "FM"]
[WhiteElo "2166"]
[BlackElo "1955"]
[WhiteClock "00:26:52"]
[BlackClock "00:26:08"]
[WhiteTeam "SG Porz"]
[BlackTeam "TuS Coswig"]
[PlyCount "82"]
[WhiteFideId "13410210"]
[BlackFideId "12964247"]
[EventCountry "GER"]
[EventRounds "7"]
[EventType "team-swiss"]
[EventDate "2017.12.26"]

1. e4 {[%clk 1:30:57]} c5 {[%clk 1:30:53]} 2. Nf3 {[%clk 1:31:22]} e6 {[%clk
1:31:19]} 3. d4 {[%clk 1:31:49]} cxd4 {[%clk 1:31:45]} 4. Nxd4 {[%clk 1:32:15]}
a6 {[%clk 1:32:06]} 5. Bd3 {[%clk 1:32:37]} Qc7 {[%clk 1:31:58]} 6. O-O {[%clk
1:32:28]} Nf6 {[%clk 1:32:22]} 7. Qe2 {[%clk 1:32:18]} d6 {[%clk 1:30:10]} 8.
c4 {[%clk 1:32:33]} Nbd7 {[%clk 1:29:35]} 9. Nc3 {[%clk 1:32:15]} Ne5 {[%clk
1:25:48]} 10. Nc2 {[%clk 1:10:29]} Be7 {[%clk 1:21:04]} 11. Ne3 {[%clk
1:09:37]} Nxd3 {[%clk 1:20:52]} 12. Qxd3 {[%clk 1:10:01]} b6 {[%clk 1:18:40]}
13. f3 {[%clk 1:03:12]} O-O {[%clk 1:18:13]} 14. Rd1 {[%clk 1:01:36]} Bb7
{[%clk 1:16:02]} 15. Bd2 {[%clk 0:59:40]} Rac8 {[%clk 1:13:43]} 16. Rac1 {[%clk
0:56:05]} Nd7 {[%clk 1:03:13]} 17. b3 {[%clk 0:52:52]} Ne5 {[%clk 0:59:52]} 18.
Qf1 {[%clk 0:52:58]} Rcd8 {[%clk 0:55:20]} 19. Kh1 {[%clk 0:46:55]} Nd7 {[%clk
0:48:18]} 20. Be1 {[%clk 0:39:12]} Bg5 {[%clk 0:39:38]} 21. Bd2 {[%clk
0:32:57]} Be7 {[%clk 0:32:38]} 22. Qe2 {[%clk 0:29:55]} Qc5 {[%clk 0:24:24]}
23. Be1 {[%clk 0:26:14]} Qh5 {[%clk 0:21:58]} 24. Bg3 {[%clk 0:24:11]} Nf6
{[%clk 0:20:53]} 25. Rd2 {[%clk 0:22:41]} Qa5 {[%clk 0:19:12]} 26. Qd1 {[%clk
0:17:58]} Qc5 {[%clk 0:17:35]} 27. Bf2 {[%clk 0:16:34]} Qc6 {[%clk 0:15:43]}
28. Qg1 {[%clk 0:10:19]} Nd7 {[%clk 0:12:38]} 29. h4 {[%clk 0:08:37]} Ba8
{[%clk 0:11:22]} 30. Rdd1 {[%clk 0:07:38]} Ne5 {[%clk 0:08:19]} 31. a4 {[%clk
0:07:08]} Rb8 {[%clk 0:06:07]} 32. Nc2 {[%clk 0:05:06]} Rfd8 {[%clk 0:05:41]}
33. Bg3 {[%clk 0:04:42]} h6 {[%clk 0:05:07]} 34. Ne3 {[%clk 0:03:55]} Ng6
{[%clk 0:04:15]} 35. h5 {[%clk 0:02:12]} Ne5 {[%clk 0:04:39]} 36. Bf4 {[%clk
0:02:22]} Nd7 {[%clk 0:03:43]} 37. g4 {[%clk 0:01:35]} Nc5 {[%clk 0:02:56]} 38.
Rb1 {[%clk 0:01:42]} Bf6 {[%clk 0:02:42]} 39. Ne2 {[%clk 0:00:43]} Nxe4 {[%clk
0:01:16]} 40. fxe4 {[%clk 0:00:47]} Qxe4+ {[%clk 0:01:39]} 41. Kh2 {[%clk
0:26:52]} e5 {[%clk 0:26:08]} 1/2-1/2

[Event "DVM U20 2017"]
[Site "Düsseldorf GER"]
[Date "2017.12.30"]
[Round "7"]
[White "Kunath, Tim"]
[Black "Sabirov, Ramil"]
[Result "1-0"]
[Termination "normal"]
[Board "1.3"]
[WhiteElo "2006"]
[BlackElo "2093"]
[WhiteClock "00:09:34"]
[BlackClock "00:15:46"]
[WhiteTeam "TuS Coswig"]
[BlackTeam "SG Porz"]
[PlyCount "55"]
[WhiteFideId "12985074"]
[BlackFideId "12900303"]
[EventCountry "GER"]
[EventRounds "7"]
[EventType "team-swiss"]
[EventDate "2017.12.26"]

1. e4 {[%clk 1:30:53]} c5 {[%clk 1:30:55]} 2. Nf3 {[%clk 1:31:17]} e6 {[%clk
1:31:22]} 3. d4 {[%clk 1:31:26]} cxd4 {[%clk 1:31:47]} 4. Nxd4 {[%clk 1:31:53]}
Nc6 {[%clk 1:32:12]} 5. Nc3 {[%clk 1:30:13]} Qc7 {[%clk 1:32:37]} 6. Be3 {[%clk
1:29:35]} Nf6 {[%clk 1:32:48]} 7. Qf3 {[%clk 1:24:01]} a6 {[%clk 1:30:35]} 8.
O-O-O {[%clk 1:24:16]} Be7 {[%clk 1:27:57]} 9. Kb1 {[%clk 0:58:13]} O-O {[%clk
1:27:55]} 10. g4 {[%clk 0:58:12]} d6 {[%clk 1:27:00]} 11. g5 {[%clk 0:58:07]}
Nd7 {[%clk 1:27:22]} 12. h4 {[%clk 0:55:49]} b5 {[%clk 1:18:24]} 13. h5 {[%clk
0:50:57]} b4 {[%clk 1:03:00]} 14. Nce2 {[%clk 0:23:34]} Nce5 {[%clk 0:55:05]}
15. Qh3 {[%clk 0:23:47]} Nc5 {[%clk 0:50:53]} 16. g6 {[%clk 0:18:02]} Bf6
{[%clk 0:48:17]} 17. Ng3 {[%clk 0:14:02]} h6 {[%clk 0:42:02]} 18. f4 {[%clk
0:13:51]} Nc6 {[%clk 0:40:06]} 19. Nxc6 {[%clk 0:14:20]} Qxc6 {[%clk 0:40:05]}
20. e5 {[%clk 0:14:23]} Bd8 {[%clk 0:19:39]} 21. Rxd6 {[%clk 0:10:45]} Qc7
{[%clk 0:19:48]} 22. Bg2 {[%clk 0:10:36]} Bb7 {[%clk 0:15:48]} 23. Bxc5 {[%clk
0:09:04]} Bxg2 {[%clk 0:16:10]} 24. Qxg2 {[%clk 0:09:14]} Qxc5 {[%clk 0:15:02]}
25. gxf7+ {[%clk 0:09:11]} Kh8 {[%clk 0:15:01]} 26. Qxa8 {[%clk 0:09:16]} Be7
{[%clk 0:15:23]} 27. Qc6 {[%clk 0:09:12]} Bxd6 {[%clk 0:15:46]} 28. Qxd6 {[%clk
0:09:34]} 1-0

[Event "DVM U20 2017"]
[Site "Düsseldorf GER"]
[Date "2017.12.30"]
[Round "7"]
[White "Ramien, David"]
[Black "Kieslich, Aaron"]
[Result "0-1"]
[Termination "normal"]
[Board "1.4"]
[WhiteElo "2160"]
[BlackElo "2048"]
[WhiteClock "00:25:42"]
[BlackClock "00:08:54"]
[WhiteTeam "SG Porz"]
[BlackTeam "TuS Coswig"]
[PlyCount "54"]
[WhiteFideId "12948241"]
[BlackFideId "1270391"]
[EventCountry "GER"]
[EventRounds "7"]
[EventType "team-swiss"]
[EventDate "2017.12.26"]

1. e4 c5 {[%clk 1:30:55]} 2. Nf3 {[%clk 1:31:24]} d6 {[%clk 1:31:20]} 3. d4
{[%clk 1:31:51]} cxd4 {[%clk 1:31:45]} 4. Nxd4 {[%clk 1:32:18]} Nf6 {[%clk
1:32:09]} 5. Nc3 {[%clk 1:32:44]} a6 {[%clk 1:32:35]} 6. Be2 {[%clk 1:33:11]}
e6 {[%clk 1:32:24]} 7. O-O {[%clk 1:33:08]} Qc7 {[%clk 1:31:47]} 8. a4 {[%clk
1:33:08]} Nc6 {[%clk 1:31:01]} 9. Be3 {[%clk 1:33:10]} Be7 {[%clk 1:31:20]} 10.
Nxc6 {[%clk 1:31:31]} bxc6 {[%clk 1:26:04]} 11. a5 {[%clk 1:30:07]} d5 {[%clk
1:21:22]} 12. Qd3 {[%clk 1:19:45]} O-O {[%clk 1:17:10]} 13. f4 {[%clk 1:18:52]}
Bb4 {[%clk 0:52:12]} 14. exd5 {[%clk 1:16:43]} cxd5 {[%clk 0:51:11]} 15. Na4
{[%clk 1:16:07]} Nd7 {[%clk 0:44:24]} 16. c3 {[%clk 0:54:43]} Bxa5 {[%clk
0:27:56]} 17. b4 {[%clk 0:54:54]} Bb6 {[%clk 0:28:21]} 18. Nxb6 {[%clk
0:54:41]} Nxb6 {[%clk 0:28:49]} 19. Bc5 {[%clk 0:37:35]} Re8 {[%clk 0:25:32]}
20. Qg3 {[%clk 0:32:23]} Nd7 {[%clk 0:23:12]} 21. Bd4 {[%clk 0:32:15]} f6
{[%clk 0:22:38]} 22. Bd3 {[%clk 0:30:09]} Qd8 {[%clk 0:20:17]} 23. Qh4 {[%clk
0:26:34]} Nf8 {[%clk 0:20:25]} 24. Rf3 {[%clk 0:26:22]} f5 {[%clk 0:13:45]} 25.
Rg3 {[%clk 0:24:56]} Qxh4 {[%clk 0:08:00]} 26. Rxg7+ {[%clk 0:25:17]} Kh8
{[%clk 0:08:27]} 27. Rg6+ {[%clk 0:25:42]} e5 {[%clk 0:08:54]} 0-1

[Event "DVM U20 2017"]
[Site "Düsseldorf GER"]
[Date "2017.12.30"]
[Round "7"]
[White "Moses, Selina"]
[Black "Sewald, Kathrin"]
[Result "0-1"]
[Termination "normal"]
[Board "1.5"]
[WhiteElo "1935"]
[BlackElo "1890"]
[WhiteClock "00:00:42"]
[BlackClock "00:09:53"]
[WhiteTeam "TuS Coswig"]
[BlackTeam "SG Porz"]
[PlyCount "80"]
[WhiteFideId "12908070"]
[BlackFideId "12964557"]
[EventCountry "GER"]
[EventRounds "7"]
[EventType "team-swiss"]
[EventDate "2017.12.26"]

1. e4 {[%clk 1:30:58]} e5 {[%clk 1:30:52]} 2. Nf3 {[%clk 1:31:22]} d6 {[%clk
1:31:06]} 3. d4 {[%clk 1:30:46]} Qe7 {[%clk 1:29:02]} 4. Nc3 {[%clk 1:28:39]}
c6 {[%clk 1:24:49]} 5. dxe5 {[%clk 1:21:40]} dxe5 {[%clk 1:24:38]} 6. a4 {[%clk
1:21:52]} Nf6 {[%clk 1:23:23]} 7. Bc4 {[%clk 1:20:59]} h6 {[%clk 1:23:28]} 8.
Qe2 {[%clk 1:19:23]} Bg4 {[%clk 1:21:59]} 9. b3 {[%clk 1:15:59]} Qc7 {[%clk
1:21:40]} 10. Bb2 {[%clk 1:14:57]} Nbd7 {[%clk 1:17:38]} 11. O-O {[%clk
1:08:29]} Nh5 {[%clk 1:15:00]} 12. h3 {[%clk 0:58:44]} Nf4 {[%clk 1:08:32]} 13.
Qd1 {[%clk 0:55:17]} Bh5 {[%clk 1:08:01]} 14. Nb1 {[%clk 0:42:51]} O-O-O {[%clk
1:02:46]} 15. Nbd2 {[%clk 0:42:42]} Bd6 {[%clk 0:59:44]} 16. Qe1 {[%clk
0:39:11]} Nb6 {[%clk 0:49:55]} 17. Qe3 {[%clk 0:32:11]} Qe7 {[%clk 0:47:10]}
18. a5 {[%clk 0:24:44]} Nxc4 {[%clk 0:42:26]} 19. bxc4 {[%clk 0:24:53]} Bc5
{[%clk 0:42:03]} 20. Qb3 {[%clk 0:24:56]} f6 {[%clk 0:38:58]} 21. Rfe1 {[%clk
0:13:27]} g5 {[%clk 0:37:27]} 22. Nf1 {[%clk 0:12:39]} g4 {[%clk 0:36:52]} 23.
Nh4 {[%clk 0:07:50]} gxh3 {[%clk 0:35:59]} 24. Nf5 {[%clk 0:08:14]} Qc7 {[%clk
0:35:20]} 25. g3 {[%clk 0:05:43]} Ne2+ {[%clk 0:32:59]} 26. Rxe2 {[%clk
0:05:01]} Bxe2 {[%clk 0:33:08]} 27. N1e3 {[%clk 0:05:24]} h5 {[%clk 0:29:26]}
28. Re1 {[%clk 0:04:14]} Bf3 {[%clk 0:27:54]} 29. Nf1 {[%clk 0:03:45]} Bg2
{[%clk 0:26:22]} 30. Nh4 {[%clk 0:03:20]} Rhg8 {[%clk 0:23:43]} 31. a6 {[%clk
0:01:44]} b6 {[%clk 0:23:33]} 32. Nxg2 {[%clk 0:02:00]} hxg2 {[%clk 0:23:53]}
33. Kxg2 {[%clk 0:02:28]} h4 {[%clk 0:23:43]} 34. Qf3 {[%clk 0:02:37]} hxg3 35.
Nxg3 {[%clk 0:03:03]} Rd2 {[%clk 0:20:48]} 36. Re2 {[%clk 0:02:20]} Rxe2 {[%clk
0:20:15]} 37. Qxe2 {[%clk 0:02:46]} Qd7 {[%clk 0:18:14]} 38. Qh5 {[%clk
0:01:59]} Qg7 {[%clk 0:11:34]} 39. Qf5+ {[%clk 0:01:52]} Kc7 {[%clk 0:11:15]}
40. Kf1 {[%clk 0:00:42]} Bxf2 {[%clk 0:09:53]} 0-1

[Event "DVM U20 2017"]
[Site "Düsseldorf GER"]
[Date "2017.12.30"]
[Round "7"]
[White "Kollars, Dmitrij"]
[Black "Martin, Julian"]
[Result "1-0"]
[Termination "normal"]
[Board "2.1"]
[WhiteTitle "GM"]
[BlackTitle "FM"]
[WhiteElo "2501"]
[BlackElo "2429"]
[WhiteClock "00:47:38"]
[BlackClock "00:02:55"]
[WhiteTeam "Hamburger SK"]
[BlackTeam "OSG Baden-Baden"]
[PlyCount "63"]
[WhiteFideId "12909572"]
[BlackFideId "12941000"]
[EventCountry "GER"]
[EventRounds "7"]
[EventType "team-swiss"]
[EventDate "2017.12.26"]

1. e4 {[%clk 1:30:57]} c5 {[%clk 1:30:55]} 2. Nf3 {[%clk 1:31:19]} Nc6 {[%clk
1:31:20]} 3. Bb5 {[%clk 1:31:32]} g6 {[%clk 1:30:47]} 4. Bxc6 {[%clk 1:31:45]}
bxc6 {[%clk 1:30:55]} 5. O-O {[%clk 1:31:56]} Bg7 {[%clk 1:31:00]} 6. Re1
{[%clk 1:32:08]} e5 {[%clk 1:31:25]} 7. c3 {[%clk 1:31:42]} Ne7 {[%clk
1:31:05]} 8. d4 {[%clk 1:31:59]} cxd4 {[%clk 1:27:04]} 9. cxd4 {[%clk 1:32:23]}
exd4 {[%clk 1:27:16]} 10. Nxd4 {[%clk 1:32:31]} Qb6 {[%clk 1:06:06]} 11. Nb3
{[%clk 1:23:57]} O-O {[%clk 0:50:52]} 12. Be3 {[%clk 1:22:59]} Qc7 {[%clk
0:49:54]} 13. Bc5 {[%clk 1:21:16]} Re8 {[%clk 0:45:59]} 14. Nc3 {[%clk
1:18:02]} Be5 {[%clk 0:44:22]} 15. g3 {[%clk 1:15:07]} d6 {[%clk 0:41:12]} 16.
Bd4 {[%clk 1:14:53]} h5 {[%clk 0:20:53]} 17. Bxe5 {[%clk 1:04:04]} dxe5 {[%clk
0:21:15]} 18. Rc1 {[%clk 1:03:31]} Bg4 {[%clk 0:19:37]} 19. Qd2 {[%clk
1:02:09]} Rad8 {[%clk 0:18:51]} 20. Qe3 {[%clk 1:02:00]} Qb6 {[%clk 0:15:18]}
21. Na4 {[%clk 0:58:39]} Qxe3 {[%clk 0:14:52]} 22. Rxe3 {[%clk 0:59:02]} f5
{[%clk 0:11:57]} 23. Nac5 {[%clk 0:56:43]} Rd6 {[%clk 0:08:04]} 24. f3 {[%clk
0:54:13]} Bh3 {[%clk 0:06:57]} 25. Rd3 {[%clk 0:51:27]} Red8 {[%clk 0:04:48]}
26. Rcd1 {[%clk 0:51:34]} Nc8 {[%clk 0:04:29]} 27. Rxd6 {[%clk 0:50:29]} Rxd6
{[%clk 0:04:33]} 28. Rxd6 {[%clk 0:50:48]} Nxd6 {[%clk 0:04:55]} 29. Na5 {[%clk
0:51:11]} g5 {[%clk 0:04:04]} 30. exf5 {[%clk 0:49:15]} g4 {[%clk 0:02:59]} 31.
Nxc6 {[%clk 0:47:13]} gxf3 {[%clk 0:02:55]} 32. Nxe5 {[%clk 0:47:38]} 1-0

[Event "DVM U20 2017"]
[Site "Düsseldorf GER"]
[Date "2017.12.30"]
[Round "7"]
[White "Heinemann, Josefine"]
[Black "Kramer, Julian"]
[Result "0-1"]
[Termination "normal"]
[Board "2.2"]
[WhiteTitle "WIM"]
[BlackTitle "FM"]
[WhiteElo "2245"]
[BlackElo "2373"]
[WhiteClock "00:23:00"]
[BlackClock "00:17:01"]
[WhiteTeam "OSG Baden-Baden"]
[BlackTeam "Hamburger SK"]
[PlyCount "55"]
[WhiteFideId "12900460"]
[BlackFideId "12921742"]
[EventCountry "GER"]
[EventRounds "7"]
[EventType "team-swiss"]
[EventDate "2017.12.26"]

1. Nf3 {[%clk 1:30:57]} d5 {[%clk 1:28:25]} 2. e3 {[%clk 1:30:39]} Nf6 {[%clk
1:27:28]} 3. c4 {[%clk 1:31:03]} c6 {[%clk 1:27:32]} 4. Nc3 {[%clk 1:31:26]} e6
{[%clk 1:26:51]} 5. b3 {[%clk 1:29:22]} Bd6 {[%clk 1:25:21]} 6. d4 {[%clk
1:27:29]} Nbd7 {[%clk 1:23:27]} 7. Bb2 {[%clk 1:25:53]} O-O {[%clk 1:23:35]} 8.
Bd3 {[%clk 1:24:51]} Qe7 {[%clk 1:11:17]} 9. O-O {[%clk 1:20:36]} e5 {[%clk
1:07:11]} 10. dxe5 {[%clk 1:15:45]} Nxe5 {[%clk 1:07:36]} 11. Nxe5 {[%clk
1:05:19]} Qxe5 {[%clk 0:49:40]} 12. g3 {[%clk 1:05:42]} Bh3 {[%clk 0:45:45]}
13. Re1 {[%clk 1:05:08]} dxc4 {[%clk 0:44:19]} 14. bxc4 {[%clk 1:03:03]} Rad8
{[%clk 0:43:20]} 15. Qc2 {[%clk 0:59:19]} Qh5 {[%clk 0:39:03]} 16. Ne4 {[%clk
0:53:34]} Nxe4 {[%clk 0:39:27]} 17. Bxe4 {[%clk 0:54:01]} Rfe8 {[%clk 0:39:46]}
18. Bg2 {[%clk 0:51:30]} Bg4 {[%clk 0:37:50]} 19. Bf1 {[%clk 0:45:08]} Bb4
{[%clk 0:35:09]} 20. Bc3 {[%clk 0:43:59]} Bxc3 {[%clk 0:34:17]} 21. Qxc3 {[%clk
0:44:25]} Rd6 {[%clk 0:26:02]} 22. f4 {[%clk 0:37:19]} Red8 {[%clk 0:25:45]}
23. Rab1 {[%clk 0:33:26]} Rd2 {[%clk 0:24:36]} 24. Bg2 {[%clk 0:33:34]} R8d3
{[%clk 0:19:47]} 25. Qc1 {[%clk 0:25:53]} Bf3 {[%clk 0:18:36]} 26. Rb2 {[%clk
0:24:54]} Rd1 {[%clk 0:16:54]} 27. Rxb7 {[%clk 0:25:17]} h6 {[%clk 0:17:01]}
28. Rb8+ {[%clk 0:23:00]} 0-1

[Event "DVM U20 2017"]
[Site "Düsseldorf GER"]
[Date "2017.12.30"]
[Round "7"]
[White "Uksini, Bardhyl"]
[Black "Becker, Dirk"]
[Result "1/2-1/2"]
[Termination "normal"]
[Board "2.3"]
[WhiteElo "2331"]
[BlackElo "2258"]
[WhiteClock "00:13:13"]
[BlackClock "00:19:42"]
[WhiteTeam "Hamburger SK"]
[BlackTeam "OSG Baden-Baden"]
[PlyCount "44"]
[WhiteFideId "1628313"]
[BlackFideId "12938564"]
[EventCountry "GER"]
[EventRounds "7"]
[EventType "team-swiss"]
[EventDate "2017.12.26"]

1. d4 {[%clk 1:30:45]} Nf6 {[%clk 1:30:09]} 2. c4 {[%clk 1:31:07]} e6 {[%clk
1:29:40]} 3. Nf3 {[%clk 1:31:23]} d5 {[%clk 1:29:10]} 4. g3 {[%clk 1:29:58]}
Be7 {[%clk 1:28:32]} 5. Bg2 {[%clk 1:30:22]} O-O {[%clk 1:28:06]} 6. O-O {[%clk
1:30:46]} dxc4 {[%clk 1:27:27]} 7. Qc2 {[%clk 1:31:10]} a6 {[%clk 1:26:06]} 8.
a4 {[%clk 1:29:49]} Bd7 {[%clk 1:24:05]} 9. Qxc4 {[%clk 1:30:12]} Bc6 {[%clk
1:23:43]} 10. Bf4 {[%clk 1:30:25]} Bd6 {[%clk 1:23:16]} 11. Qc1 {[%clk
1:25:44]} Nbd7 {[%clk 1:20:18]} 12. Nc3 {[%clk 1:23:20]} b5 {[%clk 1:17:49]}
13. Ne5 {[%clk 0:58:17]} Bxg2 {[%clk 1:15:50]} 14. Kxg2 {[%clk 0:58:13]} c5
{[%clk 1:15:08]} 15. Nf3 {[%clk 0:29:11]} Bxf4 {[%clk 0:58:58]} 16. Qxf4 {[%clk
0:29:11]} b4 {[%clk 0:49:04]} 17. Na2 {[%clk 0:28:17]} a5 {[%clk 0:48:15]} 18.
Rac1 {[%clk 0:28:02]} Qb6 {[%clk 0:45:21]} 19. Rfd1 {[%clk 0:25:28]} Rac8
{[%clk 0:42:33]} 20. b3 {[%clk 0:19:56]} Qa6 {[%clk 0:38:17]} 21. dxc5 {[%clk
0:12:58]} Nxc5 {[%clk 0:25:34]} 22. Qe3 {[%clk 0:13:13]} Ncd7 {[%clk 0:19:42]}
1/2-1/2

[Event "DVM U20 2017"]
[Site "Düsseldorf GER"]
[Date "2017.12.30"]
[Round "7"]
[White "Weis, Olga"]
[Black "Hinrichs, Lars"]
[Result "0-1"]
[Termination "normal"]
[Board "2.4"]
[WhiteElo "1971"]
[BlackElo "2216"]
[WhiteClock "00:21:40"]
[BlackClock "00:12:57"]
[WhiteTeam "OSG Baden-Baden"]
[BlackTeam "Hamburger SK"]
[PlyCount "98"]
[WhiteFideId "1270234"]
[BlackFideId "12921769"]
[EventCountry "GER"]
[EventRounds "7"]
[EventType "team-swiss"]
[EventDate "2017.12.26"]

1. Nf3 Nf6 2. g3 {[%clk 1:31:10]} b5 {[%clk 1:30:31]} 3. Bg2 {[%clk 1:30:59]}
Bb7 {[%clk 1:30:52]} 4. b3 {[%clk 1:31:19]} e6 {[%clk 1:30:51]} 5. Bb2 {[%clk
1:30:42]} d5 {[%clk 1:29:58]} 6. Ne5 {[%clk 1:21:54]} Nbd7 {[%clk 1:29:38]} 7.
c4 {[%clk 1:19:33]} Bd6 {[%clk 1:27:20]} 8. Nxd7 {[%clk 1:13:24]} Qxd7 {[%clk
1:26:52]} 9. Nc3 {[%clk 1:12:16]} c6 {[%clk 1:18:44]} 10. cxb5 {[%clk 1:06:30]}
cxb5 {[%clk 1:18:20]} 11. d4 {[%clk 1:05:51]} h5 {[%clk 1:07:18]} 12. Qd3
{[%clk 0:55:19]} a6 {[%clk 1:06:25]} 13. h4 {[%clk 0:49:31]} Ng4 {[%clk
1:01:55]} 14. e4 {[%clk 0:42:16]} b4 {[%clk 0:49:34]} 15. Na4 {[%clk 0:39:05]}
dxe4 {[%clk 0:48:58]} 16. Bxe4 {[%clk 0:39:22]} Nf6 {[%clk 0:35:57]} 17. Bxb7
{[%clk 0:35:40]} Qxb7 {[%clk 0:36:21]} 18. O-O {[%clk 0:35:15]} O-O {[%clk
0:35:57]} 19. Nc5 {[%clk 0:32:08]} Qd5 {[%clk 0:34:19]} 20. Rac1 {[%clk
0:27:15]} Rfd8 {[%clk 0:32:04]} 21. Rfd1 {[%clk 0:24:22]} Bxc5 {[%clk 0:26:55]}
22. Rxc5 {[%clk 0:24:44]} Qxc5 {[%clk 0:26:59]} 23. dxc5 {[%clk 0:25:09]} Rxd3
{[%clk 0:27:25]} 24. Rxd3 {[%clk 0:25:33]} Nd5 {[%clk 0:21:28]} 25. Be5 {[%clk
0:21:13]} Rc8 {[%clk 0:21:21]} 26. Bd6 {[%clk 0:20:38]} f6 {[%clk 0:19:57]} 27.
Kg2 {[%clk 0:18:33]} Kf7 {[%clk 0:19:56]} 28. Rd4 {[%clk 0:18:01]} a5 {[%clk
0:19:29]} 29. a3 {[%clk 0:15:38]} Ke8 {[%clk 0:12:48]} 30. axb4 {[%clk
0:12:52]} axb4 {[%clk 0:13:10]} 31. Kf3 {[%clk 0:11:35]} Kd7 {[%clk 0:13:02]}
32. g4 {[%clk 0:08:55]} g6 {[%clk 0:13:04]} 33. Kg3 {[%clk 0:08:31]} Ra8 {[%clk
0:13:08]} 34. Rd3 {[%clk 0:07:19]} Ra1 {[%clk 0:11:12]} 35. gxh5 {[%clk
0:06:03]} gxh5 {[%clk 0:11:36]} 36. f4 {[%clk 0:05:04]} f5 {[%clk 0:10:01]} 37.
Kg2 {[%clk 0:04:13]} Ra2+ {[%clk 0:07:54]} 38. Kh3 {[%clk 0:04:04]} Rc2 {[%clk
0:07:47]} 39. Rg3 {[%clk 0:02:23]} Rc3 {[%clk 0:07:38]} 40. Kh2 {[%clk
0:02:14]} Rxg3 {[%clk 0:00:46]} 41. Kxg3 {[%clk 0:02:38]} Ne3 {[%clk 0:21:25]}
42. Kf3 {[%clk 0:30:15]} Nc2 {[%clk 0:20:53]} 43. Ke2 {[%clk 0:30:00]} Na1
{[%clk 0:19:51]} 44. Kd3 {[%clk 0:26:18]} Nxb3 {[%clk 0:20:09]} 45. Kc4 {[%clk
0:26:04]} Nd2+ {[%clk 0:20:03]} 46. Kxb4 {[%clk 0:25:43]} Nf3 {[%clk 0:16:57]}
47. Kb5 {[%clk 0:24:02]} Nxh4 {[%clk 0:17:15]} 48. Kb6 {[%clk 0:23:48]} Kc8
{[%clk 0:14:49]} 49. Kc6 {[%clk 0:21:40]} Ng6 {[%clk 0:12:57]} 0-1

[Event "DVM U20 2017"]
[Site "Düsseldorf GER"]
[Date "2017.12.30"]
[Round "7"]
[White "Elbracht, Michael"]
[Black "Jurga, Jonas Vincent"]
[Result "1-0"]
[Termination "normal"]
[Board "2.5"]
[WhiteElo "2008"]
[BlackElo "1898"]
[WhiteClock "00:10:04"]
[BlackClock "00:07:05"]
[WhiteTeam "Hamburger SK"]
[BlackTeam "OSG Baden-Baden"]
[PlyCount "61"]
[WhiteFideId "12945595"]
[BlackFideId "12968013"]
[EventCountry "GER"]
[EventRounds "7"]
[EventType "team-swiss"]
[EventDate "2017.12.26"]

1. e4 {[%clk 1:30:57]} c5 {[%clk 1:30:55]} 2. Nf3 {[%clk 1:31:23]} d6 {[%clk
1:31:19]} 3. Bb5+ {[%clk 1:31:49]} Bd7 {[%clk 1:31:45]} 4. Bxd7+ {[%clk
1:32:13]} Qxd7 {[%clk 1:32:05]} 5. c4 {[%clk 1:32:28]} Nf6 {[%clk 1:32:25]} 6.
Nc3 {[%clk 1:32:52]} g6 {[%clk 1:32:49]} 7. d4 {[%clk 1:33:13]} cxd4 {[%clk
1:33:15]} 8. Nxd4 {[%clk 1:33:38]} Bg7 {[%clk 1:33:40]} 9. f3 {[%clk 1:32:56]}
O-O {[%clk 1:34:04]} 10. Be3 {[%clk 1:33:23]} Nc6 {[%clk 1:33:39]} 11. O-O
{[%clk 1:33:43]} a6 {[%clk 1:33:41]} 12. a4 {[%clk 1:31:07]} Rfd8 {[%clk
1:29:00]} 13. Rf2 {[%clk 1:26:32]} e6 {[%clk 1:15:02]} 14. Rd2 {[%clk 1:24:38]}
Qe7 {[%clk 1:14:27]} 15. Kh1 {[%clk 1:18:43]} Ne8 {[%clk 0:57:33]} 16. a5
{[%clk 1:08:57]} Rac8 {[%clk 0:48:26]} 17. Qe2 {[%clk 1:00:18]} Qc7 {[%clk
0:33:48]} 18. Nb3 {[%clk 0:50:58]} Bxc3 {[%clk 0:29:03]} 19. Bb6 {[%clk
0:46:15]} Qb8 {[%clk 0:28:40]} 20. bxc3 {[%clk 0:46:34]} Rd7 {[%clk 0:28:38]}
21. Rad1 {[%clk 0:45:04]} Nf6 {[%clk 0:19:48]} 22. g4 {[%clk 0:23:17]} h6
{[%clk 0:15:51]} 23. f4 {[%clk 0:16:55]} e5 {[%clk 0:11:29]} 24. f5 {[%clk
0:16:58]} Ne7 {[%clk 0:09:01]} 25. h3 {[%clk 0:10:46]} Kg7 {[%clk 0:08:43]} 26.
Nc5 {[%clk 0:08:47]} dxc5 {[%clk 0:08:24]} 27. Rxd7 {[%clk 0:09:12]} Nxd7
{[%clk 0:08:46]} 28. Rxd7 {[%clk 0:09:35]} Kf6 {[%clk 0:06:35]} 29. Qd2 {[%clk
0:09:30]} g5 {[%clk 0:06:42]} 30. Rd6+ {[%clk 0:09:39]} Kg7 {[%clk 0:07:05]}
31. f6+ {[%clk 0:10:04]} 1-0